| 000 | 01081nam a22002891 4500 | ||
|---|---|---|---|
| 001 | 33600 | ||
| 003 | BD-RjUL | ||
| 005 | 20211209052031.0 | ||
| 008 | 140510r19521934enk b 001 0 eng | ||
| 035 | _a(BD-RjUL)33691 | ||
| 035 | _a(OCoLC)951188 | ||
| 040 |
_aDLC _cTxU-Da _dBD-RjUL _beng |
||
| 041 | _aeng | ||
| 082 |
_a144 _bHAG Pt.1,2&3 1952 |
||
| 100 | 1 |
_aHalévy, Elie _d1870-1937. _9101975 |
|
| 245 | 1 | 4 |
_aThe growth of philosophic radicalism / _cElie Halévy, Translated by Mary Morris. With a pref. by A.D. Lindsay. _nPart-I _nPart-II _nPart-III _pThe Youth Of Bentham (1776-1815) _pThe Evolution Of The Utilitarian Doctrine From 1789 to 1815 _pPhilosophic Radicalism |
| 250 | _aNew ed. | ||
| 260 |
_aLondon : _bFaber & Faber, _c1934 [reprinted 1952]. |
||
| 300 |
_a xix, 554 p. ; _c23 cm. |
||
| 504 | _aInclude bibliography and index. | ||
| 600 | 1 | 0 |
_aBentham, Jeremy _d1748-1832. _9101990 |
| 650 | 0 |
_aUtilitarianism. _95661 |
|
| 651 | 0 |
_aFrance _xHistory _yRevolution, 1789-1799 _xCauses. _976829 |
|
| 942 |
_2ddc _cBK |
||
| 999 |
_c33600 _d33600 |
||